Disney - Tous les Films Disney - Statistiques

Statistiques générales
  • Ce quiz a été pris 859 fois
    171 depuis la dernière actualisation
  • Le résultat moyen est 70 sur 138
Statistiques - réponses
Hint Réponse % Correct
14 Cendrillon
93%
18 La Belle au Bois Dormant
90%
36 La Belle et la Bête
86%
33 La Petite Sirène
86%
16 Peter Pan
86%
101 Raiponce
86%
37 Aladdin
85%
48 Mulan
85%
1 Blanche-Neige et les Sept Nains
84%
109 La Reine des Neiges
84%
38 Le Roi Lion
83%
118 Vaiana
81%
41 Pocahontas
79%
104 Rebelle
79%
98 La Princesse et la Grenouille
78%
19 Les 101 Dalmatiens
78%
42 Toy Story
77%
2 Pinocchio
76%
17 La Belle et le Clochard
74%
23 Les Aristochats
73%
4 Dumbo
72%
3 Fantasia
72%
124 La Reine des Neiges 2
72%
5 Bambi
71%
86 Cars
71%
22 Le Livre de la Jungle
71%
120 Coco
70%
53 Toy Story 2
70%
100 Toy Story 3
70%
49 Le Roi Lion 2
69%
129 Encanto
68%
56 La Petite Sirène 2
68%
65 Lilo & Stitch
68%
15 Alice au Pays des Merveilles
67%
52 Tarzan
67%
45 Hercule
66%
90 Ratatouille
66%
123 Toy Story 4
66%
114 Vice-Versa
65%
116 Zootopie
65%
103 Cars 2
64%
72 Le Monde de Nemo
64%
136 Vaiana 2
64%
77 Mulan 2
63%
43 Le Bossu de Notre-Dame
62%
66 Peter Pan 2
62%
63 Cendrillon 2
61%
71 Le Roi Lion 3
61%
119 Cars 3
60%
117 Le Monde de Dory
59%
25 Robin des Bois
59%
95 Volt, Star Malgré Lui
59%
102 Winnie l’Ourson
59%
20 Merlin l’Enchanteur
58%
29 Rox et Rouky
58%
138 Zootopie 2
58%
106 Les Mondes de Ralph
57%
135 Vice-Versa 2
57%
60 Kuzco
56%
97 Là-Haut
56%
78 Les Indestructibles
56%
128 Luca
55%
50 Pocahontas 2
55%
94 Wall-E
54%
47 La Belle et la Bête 2
52%
68 La Planète au Trésor
52%
80 Tarzan 2
52%
81 Lilo & Stitch 2
50%
126 Soul
50%
121 Les Indestructibles 2
49%
127 Raya et le Dernier Dragon
49%
30 Taram et le Chaudron Magique
49%
93 La Fée Clochette
48%
26 Les Aventures de Bernard et Bianca
48%
64 Monstres et Cie
48%
134 Wish
48%
51 1001 Pattes
47%
130 Alerte Rouge
47%
61 Atlantide
47%
115 Le Voyage d’Arlo
47%
84 Bambi 2
45%
67 Les 101 Dalmatiens 2
45%
73 Frère des Ours
44%
39 Le Retour de Jafar
44%
112 Les Nouveaux Héros
44%
54 Fantasia 2000
43%
69 Le Livre de la Jungle 2
43%
32 Oliver et compagnie
43%
133 Élémentaire
42%
122 Ralph 2.0
41%
35 Bernard et Bianca au pays des kangourous
40%
108 Planes
40%
31 Basil, détective privé
39%
125 En Avant
39%
21 Mary Poppins
39%
107 Monstres Academy
39%
7 Les Trois Caballeros
38%
89 Rox et Rouky 2
38%
58 Dinosaure
36%
76 La Ferme se rebelle
36%
62 Le Bossu de Notre- Dame 2
36%
132 Avalonia
35%
59 La Belle et le Clochard 2
35%
137 Elio
35%
87 Frère des Ours 2
34%
91 Bienvenue chez les Robinson
33%
82 Chicken Little
33%
83 Kuzco 2
33%
111 Planes 2
33%
131 Buzz l’Éclair
31%
40 Dingo et Max
30%
9 Mélodie du Sud
30%
44 Aladdin et le Roi des voleurs
27%
96 Clochette et la Pierre de Lune
27%
6 Saludos Amigos
27%
110 Clochette et la Fée Pirate
26%
10 Coquin de Printemps
26%
8 La Boîte à Musique
26%
13 Le Crapaud et le Maître d’École
26%
11 Mélodie Cocktail
26%
34 La Bande à Picsou
25%
88 Le Sortilège de Cendrillon
25%
27 Peter et Elliott le dragon
25%
105 Clochette et le Secret des Fées
24%
55 Dingo et Max 2
24%
46 Winnie l’Ourson 2
24%
57 Les aventures de Tigrou
23%
28 Les Aventures de Winnie l’Ourson
23%
70 Les aventures de Porcinet
22%
75 Mickey, Donald, Dingo : Les Trois Mousquetaires
22%
113 Clochette et la Créature Légendaire
21%
74 Les aventures de Petit Gourou
21%
99 Clochette et l’expédition féerique
20%
92 Le Secret de la Petite Sirène
20%
79 Winnie l’Ourson et l’éfélant
19%
85 The Wild
19%
12 Danny, le petit mouton noir
16%
24 L’Apprentie Sorcière
16%
Aucun quiz correspondant
Distribution des résultats
% des personnes avec chaque résultat
Percentile par nombre de réponses
Votre historique - résultats
Vous n’avez pas pris ce quiz depuis la dernière actualisation